书目信息 |
| 题名: |
退耕还林技术模式
|
|
| 作者: | 李育材 主编 ;国家林业局 编 | |
| 分册: | ||
| 出版信息: | 北京 中国林业出版社 2001.12 |
|
| 页数: | 331页, [4] 页图版 | |
| 开本: | 23cm | |
| 丛书名: | ||
| 单 册: | ||
| 中图分类: | S725 | |
| 科图分类: | ||
| 主题词: | 造林--zao lin--技术--模式 | |
| 电子资源: | ||
| ISBN: | 7-5038-2990-7 | |
| 000 | 00877nam0 2200241 450 | |
| 001 | 012008711047 | |
| 005 | 20080314110257.81 | |
| 010 | @a7-5038-2990-7@dCNY30.00 | |
| 100 | @a20080314d2001 km y0chiy0120 ea | |
| 101 | 0 | @achi |
| 102 | @aCN@b110000 | |
| 105 | @af z 000yy | |
| 106 | @ar | |
| 200 | 1 | @a退耕还林技术模式@Atui geng hai lin ji shu mo shi@f李育材主编@Fli yu cai zhu bian@g国家林业局编@Gguo jia lin ye ju bian |
| 210 | @a北京@c中国林业出版社@d2001.12 | |
| 215 | @a331页, [4] 页图版@d23cm | |
| 330 | @a本书共分三篇:第一篇是黄河上中游及北方地区退耕还林技术模式;第二篇是长江上中游及南方地区退耕还林模式;第三篇是各地提供的实用技术的汇编。 | |
| 606 | 0 | @a造林@Azao lin@x技术@x模式 |
| 690 | @aS725@v4 | |
| 701 | 0 | @a李育材@Ali yu cai@4主编 |
| 712 | 02 | @a国家林业局@Aguo jia lin ye ju@4编 |
| 801 | 0 | @aCN@bQSSK@c20080314 |
| 905 | @b20282471-73@dS725@eL320@f3 | |
| 退耕还林技术模式/李育材主编/国家林业局编.-北京:中国林业出版社,2001.12 |
| 331页, [4] 页图版;23cm |
| ISBN 7-5038-2990-7:CNY30.00 |
| 本书共分三篇:第一篇是黄河上中游及北方地区退耕还林技术模式;第二篇是长江上中游及南方地区退耕还林模式;第三篇是各地提供的实用技术的汇编。 |
| ● |
| 相关链接 |
|
|
|
正题名:退耕还林技术模式
索取号:S725/L320
 
预约/预借
| 序号 | 登录号 | 条形码 | 馆藏地/架位号 | 状态 | 备注 |
| 1 | 282471 | 202824710 | 自科库401/401自科库 23排3列4层/ [索取号:S725/L320] | 在馆 | |
| 2 | 282472 | 202824729 | 自科库401/401自科库 23排3列4层/ [索取号:S725/L320] | 在馆 | |
| 3 | 282473 | 202824738 | 自科库401/401自科库 23排3列4层/ [索取号:S725/L320] | 在馆 |